000 00764nam a22002890a 4500
001 PT32510
003 AR-LpoUNG
005 20210131230012.0
008 191001s2007||||ag |||||||||||||||||spa d
020 _a9789500428613
_c$11.25
040 _aAR-LpoUNG
_bspa
_cAR-LpoUNG
_eaacr
041 _aspa
044 _aag
082 0 _a982.03 532ciu
100 1 _aChiaramonte, José Carlos
245 1 0 _aCiudades, provincias, estados :
_borígenes de la Nación Argentina : (1800 - 1846)
250 _a1ra. ed.
260 _aBuenos Aires :
_bEmecé,
_c2007.
300 _a261 p. :
_bfot., mapas
650 4 _aANALISIS HISTORICO
650 4 _aARGENTINA
650 4 _aHISTORIA
651 4 _aArgentina
653 _aINSERCION
905 _a32510
942 _cLIB
999 _c789
_d789